Ważniejsze dokumenta odnoszące się do swojego udziału w sprawach i losach Zakładów Naukowych b. W. M. Krakowa i jego Okręgu / (Rekord nr 27740)
| 000 -Nagłówek | |
|---|---|
| fixed length control field | 01613cam a2200361 i 4500 |
| 001 - Nr kontrolny bibl., która utworzyła rek. | |
| control field | xx001179315 |
| 003 - Siglum bibl., której nr kontr. jest w 001 | |
| control field | NUKAT |
| 005 - Data i czas ostatniej operacji | |
| control field | 20260423215912.0 |
| 008 - Elementy pola stałej długości | |
| fixed length control field | 080822s1874 pl |000 0 pol c |
| 035 ## - Systemowy numer kontrolny | |
| systemowy numer kontrolny | (OCoLC)297558971 |
| 035 ## - Systemowy numer kontrolny | |
| systemowy numer kontrolny | (NUKAT)xx001179315 |
| 040 ## - Instytucja sporządzająca opis | |
| Instytucja, która sporządziła opis | KR 295/DR |
| Instytucja, która sporządziła rekord | KR 295/DR |
| Instytucja, która zmodyfikowała rekord | KR 295/BW |
| -- | KR 295/DRs |
| -- | KR U/42KJs |
| 041 0# - Kod nazwy języka dokumentu | |
| Język tekstu | pol |
| -- | ger |
| 245 00 - Tytuł właściwy i oznaczenie odpow. | |
| tytuł | Ważniejsze dokumenta odnoszące się do swojego udziału w sprawach i losach Zakładów Naukowych b. W. M. Krakowa i jego Okręgu / |
| dod. inf. ze s. tyt./ozn. odpow. | zebrał i objaśnił jako przyczynek do historyi tychże Maciej Józef Brodowicz. |
| 260 ## - Adres wydawniczy | |
| miejsce wydania, dystrybucji itp. | Kraków : |
| nazwa wydawcy, dystrybutora itp. | nakł. Autora, |
| data wydania, dystrybucji itp. | 1874 |
| miejsce druku | (Kraków : |
| nazwa drukarni | Drukarnia Uniwersytetu Jagiellońskiego pod zarządem Ignacego Stelcla). |
| 300 ## - Opis fizyczny | |
| objętość i/lub forma materiału | CLIV, 440 s. pag. varia ; |
| format | 23 cm. |
| 336 ## - Content Type | |
| Term | Tekst |
| Code | txt |
| Source | rdacontent |
| 337 ## - Media Type | |
| Term | Bez urządzenia pośredniczącego |
| Code | n |
| Source | rdamedia |
| 338 ## - Carrier Type | |
| Term | Wolumin |
| Code | nc |
| Source | rdacarrier |
| 510 4# - Uwaga o cytowaniu lub źródłach opisu bibliogr. | |
| nazwa źródła | Estr. (reed.), |
| lokaliz. opracowania w źródle | t. 2, s. 521. |
| 546 ## - Uwaga o języku opisywanego materiału | |
| uwaga o języku | Tekst częściowo niem. |
| 650 #7 - Hasło przedmiotowe-nazwa pospolita | |
| nazwa pospolita lub geogr. | Uniwersytety i uczelnie |
| określnik geograficzny | Polska |
| -- | Kraków |
| określnik chronologiczny | 19 w. |
| określnik formy | źródła. |
| źródło hasła | kaba |
| 9 (RLIN) | 40441 |
| 650 #2 - Hasło przedmiotowe-nazwa pospolita | |
| nazwa pospolita lub geogr. | Towarzystwa naukowe |
| określnik rzeczowy | organizacja i zarządzanie |
| 9 (RLIN) | 40442 |
| 650 #2 - Hasło przedmiotowe-nazwa pospolita | |
| nazwa pospolita lub geogr. | Towarzystwa naukowe |
| określnik rzeczowy | prawo |
| 9 (RLIN) | 40443 |
| 650 #2 - Hasło przedmiotowe-nazwa pospolita | |
| nazwa pospolita lub geogr. | Uniwersytety |
| określnik rzeczowy | organizacja i zarządzanie |
| 9 (RLIN) | 40444 |
| 650 #2 - Hasło przedmiotowe-nazwa pospolita | |
| nazwa pospolita lub geogr. | Uniwersytety |
| określnik rzeczowy | prawo |
| 9 (RLIN) | 40445 |
| 650 #2 - Hasło przedmiotowe-nazwa pospolita | |
| nazwa pospolita lub geogr. | Szpitale uniwersyteckie |
| określnik rzeczowy | organizacja i zarządzanie |
| 9 (RLIN) | 40446 |
| 650 #2 - Hasło przedmiotowe-nazwa pospolita | |
| nazwa pospolita lub geogr. | Szpitale uniwersyteckie |
| określnik rzeczowy | prawo |
| 9 (RLIN) | 40447 |
| 651 #2 - Hasło przedmiotowe-nazwa geogr. | |
| nazwa geograficzna | Polska |
| 9 (RLIN) | 40448 |
| 655 #2 - Termin określający rodzaj/formę | |
| rodzaj/forma | Akty prawne [Typ publikacji] |
| 9 (RLIN) | 40449 |
| 700 1# - Hasło dodatkowe - nazwa osobowa | |
| nazwa osobowa | Brodowicz, Maciej Józef |
| daty biograficzne | (1790-1885). |
| rodzaj współpracy | Oprac. |
| 9 (RLIN) | 40440 |
| 942 ## - ADDED ENTRY ELEMENTS (KOHA) | |
| Source of classification or shelving scheme | Dewey Decimal Classification |
| Koha item type | pozycje dostępne na miejscu |
| Status wycofania | Status zagubienia | Klasyfikacja | Status uszkodzenia | Blokada wypożyczeń | Kolekcja | Lokalizacja macierzysta | Lokalizacja bieżąca | Data nabycia | Numer akcesji | Źródło akcesji | Nr inwentarzowy | il. wypożyczeń | Sygnatura | Kod kreskowy | Date last seen | Price effective from | Typ egz. |
|---|---|---|---|---|---|---|---|---|---|---|---|---|---|---|---|---|---|
| Dewey Decimal Classification | nieuszkodzona | Pracownia Badań Księgozbiorów Historycznych | Biblioteka Instytutu Północnego w Olsztynie | Pracownia Badań Księgozbiorów Historycznych | 23/04/2026 | W-52/1965 | wymiana | 16255 | 16255 | IPWK16672 | 23/04/2026 | 23/04/2026 | pozycje dostępne na miejscu |